| 000 | 00482nam a2200193Ia 4500 | ||
|---|---|---|---|
| 003 | GCL | ||
| 008 | 140319s9999 xx 000 0 eng d | ||
| 040 |
_aGCL / _cGCL |
||
| 082 | 0 | 4 |
_a822.33 _bS S |
| 100 | 1 | _aSCHOENBAUM, S. | |
| 245 | 1 | 0 |
_aSHAKESPEARE'S LIVES / _cSCHOENBAUM, S. |
| 260 |
_a[S.N] : _bCLARENDON PRESS ، _c1991 |
||
| 300 | _a612 P | ||
| 650 | 0 | 4 | _aPOETRY |
| 650 | 0 | 4 | _aSHAKESPEARE, WILLIAM |
| 650 | 0 | 4 | _aBIOGRAPHY |
| 650 | 0 | 4 | _aFICTION - DRAMA |
| 942 |
_2ddc _cBK |
||
| 999 |
_c24201 _d24201 |
||